000 00353nam a2200121Ia 4500
008 220615s9999||||xx |||||||||||||| ||und||
100 _aPaenke, Ingo
245 0 _aDynamics of Evolution and Learning
546 _aEnglish[eng]
650 _aLearning||Baldwin effect||Diversity||Evolution
856 _uhttps://www.ksp.kit.edu/9783866442474
942 _cEB
999 _c14885
_d14885